00558nam a22001457a 450000500170000000800410001702000180005804000100007608200200008610000240010624500760013026000430020630000210024965001420027020260218161101.0260218b |||||||| |||| 00| 0 eng d a9789393875686 cVITAP 223a294.535 VEN aNambath, Suresh Ed. aSrirangamb: The Resplendent Kingdom of Rangarajac/ Suresh Nambath Ed. aChennaibTHG Publishing Pvt Ltd.c2023 a456p, ill.: 29cm 0aMythological Significance, Temple History, Architecture & Layout, Vaishnavite Philosophy, Rituals & Festivals, Pilgrimage & Devotion etc.